00348nam a2200109Ia 4500008004000000041000800040082001000048100004000058245008000098260005300178300000700231210210b2000 xxu||||| |||| 00| 0 eng d aeng a060/6 aALL INDIA CONFERENCE OF LIBRARIANS. aProceedings of the All India conferernce of librarians held at Lahore,1918. aLahorebAll India Conference of Librariansc2000 a18